000 00197 a2200097 4500
001 59979
100 _a
245 _aBahao
260 _aLahore
_bSang-e-Meel
_c2004
090 _c36814
_d36814
942 _aNUST-CAE
_cMONOGRAPH
_c29796
999 _c295052
_d295052